| 000 | 01174nam a2200277Ia 4500 | ||
|---|---|---|---|
| 003 | OSt | ||
| 005 | 20221005103805.0 | ||
| 006 | a|||||r|||| 00| 0 | ||
| 007 | ta | ||
| 008 | 221004b |||||||| |||| 00| 0 san d | ||
| 020 |
_a9789386081001 (hbk) _cINR 800.00 |
||
| 024 | _a34388 | ||
| 037 |
_b437/1, 11/09/2017, Vidyanidhi Prakashan _cTextual |
||
| 040 |
_aCRL _cCRL _bsan |
||
| 041 |
_2san _asan |
||
| 082 | _aQ29M8:33, Q6 | ||
| 100 | _aवर्मा, सुशील कुमार, ले. | ||
| 245 | 0 | _aमहर्षि दयानन्द के पन्च महायज्ञों का विनियोगात्मक अध्ययन | |
| 246 | _aMaharṣhi dayānanda ke pancha mahāyajnyoan kā viniyogātmak adhyayana | ||
| 260 |
_aदिल्ली _bआस्था प्रकाशन भारत _c2016 |
||
| 300 |
_a268पृ0 _ccm. |
||
| 650 | _a हिन्दू धर्म | ||
| 650 | _aमहर्षि दयांनद | ||
| 942 |
_hQ29M8:33, Q6 _cTEXL _2cc |
||
| 999 |
_c1010923 _d1010923 |
||